000 00960cab a2200193 4500
001 ##L132425
008 060206n2006 000 0 eng u
035 _a(Sirsi) u132425
041 0 _aeng
100 1 _aBlackman, David
245 0 0 _aOne size fits all is back
260 _c2006
490 0 _aAxis
_v59(3) January 2006, 8-10(3)
520 _aWarns that the return to high-density housing solutions in recent years is a crisis in the making. The proliferation of tower blocks across the UK's major cities provides the most visible evidence of the high-density boom. Summarises the Urban Task Force's latest housing recommendations, reports on the US government's Hope VI programme to redevelop social housing estates as mixed-tenure communities and reviews the ODPM's PPS3 details on density.
590 _aIKA140206
650 2 4 _aPLANNING POLICY STATEMENT 3
690 _aPROPERTY-RESIDENTIAL PROPERTY-RESIDENTIAL PROPERTY DEVELOPMENT
942 _n0
999 _c76434
_d76434